000 00519pam a2200181 a 4500
999 _c15508
_d15508
003 OSt
008 871005s1988 njua 001 0 eng
020 _a0137748116 :
082 0 0 _a697
_bGRE/RE
100 1 _aGreenwald, Martin L.,
_93274
245 1 0 _aResidential energy systems and climate control technology :
260 _aEnglewood Cliffs, N.J. :
_bPrentice Hall,
_cc1988.
300 _axiv, 402 p. :
_bill. ;
500 _aIncludes index.
650 0 _aDwellings
_93275
650 0 _aDwellings
_93275
942 _cBK